<?xml version="1.0" encoding="UTF-8"?>
<record
    xmlns:xsi="http://www.w3.org/2001/XMLSchema-instance"
    xsi:schemaLocation="http://www.loc.gov/MARC21/slim http://www.loc.gov/standards/marcxml/schema/MARC21slim.xsd"
    xmlns="http://www.loc.gov/MARC21/slim">

  <leader>05037cam a2200589 i 4500</leader>
  <datafield tag="999" ind1=" " ind2=" ">
    <subfield code="c">28536</subfield>
    <subfield code="d">28507</subfield>
  </datafield>
  <controlfield tag="001">ssj0002284345</controlfield>
  <controlfield tag="003">EG-ScBUE</controlfield>
  <controlfield tag="005">20200808110920.0</controlfield>
  <controlfield tag="006">m        d        </controlfield>
  <controlfield tag="007">cr  n</controlfield>
  <controlfield tag="008">191024t2020    nyua   f b    001 0 eng d</controlfield>
  <datafield tag="020" ind1=" " ind2=" ">
    <subfield code="a">9781260461350</subfield>
  </datafield>
  <datafield tag="020" ind1=" " ind2=" ">
    <subfield code="a">1260461351</subfield>
  </datafield>
  <datafield tag="035" ind1=" " ind2=" ">
    <subfield code="a">(OCoLC)ocn1124925702</subfield>
  </datafield>
  <datafield tag="035" ind1=" " ind2=" ">
    <subfield code="a">(OCoLC)1124925702</subfield>
  </datafield>
  <datafield tag="040" ind1=" " ind2=" ">
    <subfield code="a">AHM</subfield>
    <subfield code="b">eng</subfield>
    <subfield code="e">rda</subfield>
    <subfield code="c">EG-ScBUE</subfield>
    <subfield code="d">DNLM</subfield>
    <subfield code="d">20200401</subfield>
    <subfield code="d">OCLCO</subfield>
    <subfield code="d">OCLCF</subfield>
    <subfield code="d">OCLCA</subfield>
    <subfield code="d">YDXIT</subfield>
    <subfield code="d">ST3</subfield>
    <subfield code="d">PZS</subfield>
    <subfield code="d">WaSeSS</subfield>
    <subfield code="d">EG-ScBUE</subfield>
  </datafield>
  <datafield tag="082" ind1="0" ind2="4">
    <subfield code="a">616.025</subfield>
    <subfield code="b">TIN</subfield>
    <subfield code="2">22</subfield>
  </datafield>
  <datafield tag="245" ind1="0" ind2="0">
    <subfield code="a">Tintinalli's emergency medicine :</subfield>
    <subfield code="b">a comprehensive study guide /</subfield>
    <subfield code="c">editor-in-chief, Judith E. Tintinalli, professor, Department of Emergency medicine, adjunct professor, Department of Health Policy and Administration, adjunct professor, medical journalism, School of Journalism and Mass Communications, University of North Carolina, Chapel Hill, North Carolina, clinical professor, Department of Osteopathic Medical Specialties, Michigan State University, College of  Osteopathic Emergency Medicine, East Lansing, Michigan ; co-editors, O. John Ma, professor, Department of Emergency Medicine, Oregon Health &amp; Science University, Portland, Oregon [and five others]</subfield>
  </datafield>
  <datafield tag="246" ind1="3" ind2=" ">
    <subfield code="a">Emergency medicine</subfield>
  </datafield>
  <datafield tag="250" ind1=" " ind2=" ">
    <subfield code="a">Ninth edition.</subfield>
  </datafield>
  <datafield tag="250" ind1=" " ind2=" ">
    <subfield code="a">International edition.</subfield>
  </datafield>
  <datafield tag="264" ind1=" " ind2="1">
    <subfield code="a">New York :</subfield>
    <subfield code="b">McGrawHill Companies,</subfield>
    <subfield code="c">[2020]</subfield>
  </datafield>
  <datafield tag="264" ind1=" " ind2="4">
    <subfield code="c">c2020</subfield>
  </datafield>
  <datafield tag="300" ind1=" " ind2=" ">
    <subfield code="a">xliii, 2114 pages :</subfield>
    <subfield code="b">illustrations (some color) ;</subfield>
    <subfield code="c">29 cm</subfield>
  </datafield>
  <datafield tag="336" ind1=" " ind2=" ">
    <subfield code="2">rdacontent</subfield>
    <subfield code="a">text</subfield>
    <subfield code="b">txt</subfield>
  </datafield>
  <datafield tag="337" ind1=" " ind2=" ">
    <subfield code="2">rdamedia</subfield>
    <subfield code="a">unmediated</subfield>
    <subfield code="b">n</subfield>
  </datafield>
  <datafield tag="338" ind1=" " ind2=" ">
    <subfield code="2">rdacarrier</subfield>
    <subfield code="a">volume</subfield>
    <subfield code="b">nc</subfield>
  </datafield>
  <datafield tag="504" ind1=" " ind2=" ">
    <subfield code="a">Includes bibliographical references and index.</subfield>
  </datafield>
  <datafield tag="505" ind1="0" ind2=" ">
    <subfield code="a">Sect. One: Prehospital care -- Sect. Two: Disaster preparedness -- Sect. Three: Resuscitative problems and techniques -- Sect. Four: Shock -- Sect. Five: Analgesia, anesthesia, and sedation -- Sect. Six: Emergency wound management -- Sect. Seven: Cardiovascular disease -- Sect. Eight: Pulmonary emergencies -- Sect. Nine: Gastrointestinal emergencies -- Sect. Ten: Renal and genitourinary disorders -- Sect. Eleven: Gynecology and obstetrics -- Sect. Twelve: Pediatrics -- Sect. Thirteen: Infectious diseases -- Sect. Fourteen: Toxicology and pharmacology -- Sect. Fifteen: Environmental injuries -- Sect. Sixteen: Emergency medicine in unique environments -- Sect. Seventeen: Endocrine emergencies -- Sect. Eighteen: Hematologic and oncologic emergencies -- Sect. Nineteen: Neurology -- Sect. Twenty: Eye, ear, nose, and oral surgery -- Sect. Twenty-One: Disorders of the skin -- Sect. Twenty-Two: Trauma -- Sect. Twenty-Three: Injuries to the bones, joints, and soft tissue -- Sect. Twenty-Four: Nontraumatic musculosketetal disorders -- Sect. Twenty-Five: Psychosocial disorders -- Sect. Twenty-Six: Abuse and assault -- Sect. Twenty-Seven: Principles of imaging -- Sect. Twenty-Eight: Special situations.</subfield>
  </datafield>
  <datafield tag="506" ind1=" " ind2=" ">
    <subfield code="a">Available on campus and off campus with authorized login.</subfield>
  </datafield>
  <datafield tag="520" ind1=" " ind2=" ">
    <subfield code="a">"Tintinalli's Emergency Medicine" is the essential resource for everyone working in and teaching emergency medicine. The Ninth Edition provides the depth and breadth of coverage that reflects the complexity and expertise needed to practice emergency medicine in today's fast-paced environments. This comprehensive text is an important clinical resource for physicians, residents and students, advance practice providers, emergency nurses, EMTs, and paramedics. -- From publisher's description.</subfield>
  </datafield>
  <datafield tag="650" ind1=" " ind2="7">
    <subfield code="a">Emergency medicine.</subfield>
    <subfield code="2">BUEsh</subfield>
  </datafield>
  <datafield tag="653" ind1=" " ind2=" ">
    <subfield code="b">GGEN</subfield>
    <subfield code="c">July2020</subfield>
  </datafield>
  <datafield tag="655" ind1=" " ind2="0">
    <subfield code="a">Electronic books.</subfield>
    <subfield code="v">Reading book</subfield>
  </datafield>
  <datafield tag="700" ind1="1" ind2=" ">
    <subfield code="a">Tintinalli, Judith E.,</subfield>
    <subfield code="e">editor.</subfield>
  </datafield>
  <datafield tag="700" ind1="1" ind2=" ">
    <subfield code="a">Ma, O. John.</subfield>
    <subfield code="e">editor.</subfield>
  </datafield>
  <datafield tag="856" ind1="4" ind2="0">
    <subfield code="a">SOUTHEAST</subfield>
    <subfield code="u">https://BZ6FJ9FL8E.search.serialssolutions.com/ejp/?libHash=BZ6FJ9FL8E#/search/?searchControl=title&amp;searchType=title_code&amp;criteria=TC0002284345</subfield>
  </datafield>
  <datafield tag="856" ind1="4" ind2="0">
    <subfield code="a">BLOOMINGTON</subfield>
    <subfield code="u">https://KG6EK7CQ2B.search.serialssolutions.com/ejp/?libHash=KG6EK7CQ2B#/search/?searchControl=title&amp;searchType=title_code&amp;criteria=TC0002284345</subfield>
  </datafield>
  <datafield tag="856" ind1="4" ind2="0">
    <subfield code="a">NORTHWEST</subfield>
    <subfield code="u">https://PS6EE4GK2T.search.serialssolutions.com/ejp/?libHash=PS6EE4GK2T#/search/?searchControl=title&amp;searchType=title_code&amp;criteria=TC0002284345</subfield>
  </datafield>
  <datafield tag="856" ind1="4" ind2="0">
    <subfield code="a">IUPUI</subfield>
    <subfield code="u">https://RX8KL6YF4X.search.serialssolutions.com/ejp/?libHash=RX8KL6YF4X#/search/?searchControl=title&amp;searchType=title_code&amp;criteria=TC0002284345</subfield>
  </datafield>
  <datafield tag="856" ind1="4" ind2="0">
    <subfield code="a">KOKOMO</subfield>
    <subfield code="u">https://TE6UZ4HK6Z.search.serialssolutions.com/ejp/?libHash=TE6UZ4HK6Z#/search/?searchControl=title&amp;searchType=title_code&amp;criteria=TC0002284345</subfield>
  </datafield>
  <datafield tag="856" ind1="4" ind2="0">
    <subfield code="a">SOUTH BEND</subfield>
    <subfield code="u">https://TT5XG8QF8P.search.serialssolutions.com/ejp/?libHash=TT5XG8QF8P#/search/?searchControl=title&amp;searchType=title_code&amp;criteria=TC0002284345</subfield>
  </datafield>
  <datafield tag="856" ind1="4" ind2="0">
    <subfield code="a">COLUMBUS</subfield>
    <subfield code="u">https://RX8KL6YF4X.search.serialssolutions.com/ejp/?libHash=RX8KL6YF4X#/search/?searchControl=title&amp;searchType=title_code&amp;criteria=TC0002284345</subfield>
  </datafield>
  <datafield tag="942" ind1=" " ind2=" ">
    <subfield code="2">ddc</subfield>
    <subfield code="c">BB</subfield>
  </datafield>
  <datafield tag="949" ind1=" " ind2=" ">
    <subfield code="h">seasebook</subfield>
  </datafield>
  <datafield tag="949" ind1=" " ind2=" ">
    <subfield code="h">wellsebook</subfield>
  </datafield>
  <datafield tag="949" ind1=" " ind2=" ">
    <subfield code="h">nwstebook</subfield>
  </datafield>
  <datafield tag="949" ind1=" " ind2=" ">
    <subfield code="h">ulebook</subfield>
  </datafield>
  <datafield tag="949" ind1=" " ind2=" ">
    <subfield code="h">kokoebook</subfield>
  </datafield>
  <datafield tag="949" ind1=" " ind2=" ">
    <subfield code="h">sbenebook</subfield>
  </datafield>
  <datafield tag="949" ind1=" " ind2=" ">
    <subfield code="h">coebook</subfield>
  </datafield>
  <datafield tag="952" ind1=" " ind2=" ">
    <subfield code="0">0</subfield>
    <subfield code="1">0</subfield>
    <subfield code="2">ddc</subfield>
    <subfield code="4">0</subfield>
    <subfield code="7">0</subfield>
    <subfield code="8">Baccah</subfield>
    <subfield code="a">MAIN</subfield>
    <subfield code="b">MAIN</subfield>
    <subfield code="c">1ST</subfield>
    <subfield code="d">2020-08-08</subfield>
    <subfield code="e">Purchase</subfield>
    <subfield code="l">0</subfield>
    <subfield code="o">616.025 TIN</subfield>
    <subfield code="p">000049336</subfield>
    <subfield code="r">2025-07-15 00:00:00</subfield>
    <subfield code="w">2020-08-08</subfield>
    <subfield code="y">BB</subfield>
  </datafield>
</record>
